[Event "World Blitz 2025"]
[Site "Doha QAT"]
[Date "2025.12.30"]
[Round "16.83"]
[White "Tissir, Mohamed"]
[Black "Aditya, Mittal"]
[Result "0-1"]
[WhiteTitle "IM"]
[BlackTitle "GM"]
[WhiteElo "2293"]
[BlackElo "2624"]
[WhiteFideId "9000240"]
[BlackFideId "35042025"]
[EventDate "2025.12.29"]

1. e4 c5 2. Nc3 d6 3. Nf3 Nf6 4. d4 cxd4 5. Nxd4 a6 6. Nb3 e6 7. Bd3 Nbd7 8. O-O
b5 9. f4 Bb7 10. Qe2 Qc7 11. Bd2 Nb6 12. Rae1 Nc4 13. Bc1 Be7 14. Kh1 Rc8 15. e5
Nd5 16. Nxd5 Bxd5 17. exd6 Bxd6 18. f5 e5 19. f6 g6 20. c3 Kd7 21. Be4 Bxe4 22.
Qxe4 Qc6 23. Qe2 h5 24. Rd1 Kc7 25. Nd2 Nxd2 26. Bxd2 Rcd8 27. Be3 Kb7 28. b4
Rd7 29. a4 bxa4 30. Rb1 Qe4 31. Qf2 Qc4 32. Rfd1 Rhd8 33. Qc2 Bc7 34. Re1 Rd3
35. Qxa4 Rxc3 36. Qa1 Rdd3 37. Bg1 Rc2 38. Rxe5 Bxe5 39. Qxe5 Qc6 40. Qg5 Rdd2
41. b5 Qxg2+ 42. Qxg2+ Rxg2 43. bxa6+ Kxa6 44. Ra1+ Kb7 45. Ra7+ Kc6 46. Rxf7
Rg4 47. Ra7 Rc1 0-1

[Event "World Blitz 2025"]
[Site "Doha QAT"]
[Date "2025.12.30"]
[Round "16.84"]
[White "Sharan, Rao"]
[Black "Averin, Nikolay"]
[Result "0-1"]
[WhiteTitle "IM"]
[BlackTitle "FM"]
[WhiteElo "2341"]
[BlackElo "2389"]
[WhiteFideId "5073464"]
[BlackFideId "24250473"]
[EventDate "2025.12.29"]

1. Nf3 d5 2. b3 Bf5 3. Bb2 c6 4. e3 h6 5. d4 e6 6. Bd3 Nf6 7. Bxf5 exf5 8. O-O
Bd6 9. c4 O-O 10. Nc3 Nbd7 11. Qd3 g6 12. g3 a6 13. Rfc1 Qe7 14. Rc2 Qe6 15.
Rac1 Ne4 16. cxd5 cxd5 17. Na4 Rab8 18. Bc3 Ndf6 19. Ba5 Ng4 20. Nc5 Qe7 21. Be1
h5 22. Qe2 Kg7 23. h4 Rbe8 24. Nxe4 dxe4 25. Nd2 f4 26. exf4 e3 27. Nf3 exf2+
28. Kf1 fxe1=Q+ 29. Rxe1 Ne3+ 30. Kf2 Nxc2 31. Qxc2 Qd7 32. Ne5 Bxe5 33. dxe5
Qd4+ 34. Kg2 Rc8 35. Qe2 Rfd8 36. Kh3 Qd7+ 37. e6 Qxe6+ 0-1

[Event "World Blitz 2025"]
[Site "Doha QAT"]
[Date "2025.12.30"]
[Round "16.109"]
[White "Ammar, Sedrani"]
[Black "Tran, Thanh Tu"]
[Result "0-1"]
[WhiteTitle "FM"]
[BlackTitle "IM"]
[WhiteElo "2203"]
[BlackElo "2402"]
[WhiteFideId "9312331"]
[BlackFideId "12401404"]
[EventDate "2025.12.29"]

1. d4 Nf6 2. Bg5 c5 3. d5 Qb6 4. Nc3 d6 5. e4 Nbd7 6. a4 a6 7. a5 Qc7 8. Nf3 g6
9. Nd2 h6 10. Be3 Bg7 11. Be2 O-O 12. O-O b5 13. axb6 Nxb6 14. h3 e5 15. f4 exf4
16. Bxf4 Nfd7 17. Kh1 Ne5 18. Qc1 Kh7 19. Nb3 Qe7 20. Na5 Bd7 21. Qe3 g5 22. Bg3
Ng6 23. Nb7 Be5 24. Bxe5 Qxe5 25. Rxa6 Rxa6 26. Bxa6 f5 27. Qd3 Nf4 28. Qe3 Nh5
29. Kg1 f4 30. Qd2 Ng3 31. Rf2 c4 32. Na5 Ra8 33. Nxc4 Nxc4 34. Bxc4 Ra1+ 35.
Bf1 Bc8 36. Ne2 Nxe4 37. Qd3 Bf5 38. Qd4 Nxf2 39. Qxf2 Qxb2 40. Nd4 Be4 41. Nb3
Ra2 42. Nd4 Qc1 43. Ne2 Qe3 44. Qxe3 fxe3 45. c4 Bd3 46. Nc3 Ra1 0-1

[Event "World Blitz 2025"]
[Site "Doha QAT"]
[Date "2025.12.30"]
[Round "16.110"]
[White "Shogdzhiev, Roman"]
[Black "Musovic, Armin"]
[Result "1-0"]
[WhiteTitle "IM"]
[BlackTitle "FM"]
[WhiteElo "2403"]
[BlackElo "2190"]
[WhiteFideId "55653537"]
[BlackFideId "939935"]
[EventDate "2025.12.29"]

1. b3 Nf6 2. Bb2 d5 3. Nf3 Bg4 4. e3 e6 5. c4 c6 6. Be2 Nbd7 7. O-O Bd6 8. d3
O-O 9. Nbd2 Re8 10. h3 Bh5 11. d4 Rc8 12. Rc1 Bb8 13. Ne5 Bg6 14. Nxg6 hxg6 15.
g3 e5 16. cxd5 cxd5 17. Rxc8 Qxc8 18. dxe5 Bxe5 19. Qb1 Bxb2 20. Qxb2 Ne5 21.
Kg2 Nc6 22. Nf3 Qe6 23. b4 Ne4 24. b5 Ne7 25. Nd4 Qf6 26. Qc2 Rc8 27. Qd3 Rc3
28. Qd1 Nf5 29. Nxf5 Qxf5 30. Bf3 Nf6 31. Qd4 Ra3 32. Qb2 Ra5 33. Rd1 g5 34. Qb3
a6 35. a4 axb5 36. axb5 g6 37. Bxd5 Ne4 38. Qc2 Nxg3 39. e4 Nxe4 40. Qxe4 Qxe4+
41. Bxe4 Rxb5 42. Rd7 b6 43. Bd5 Kg7 44. Rxf7+ Kh6 45. Rd7 Rb2 46. Bg8 g4 47.
hxg4 Kg5 48. Kg3 Rb1 49. f4+ Kf6 50. Rf7+ Ke6 51. Rg7+ Kf6 52. Rf7+ Ke6 53. Rb7+
Kd6 54. Rg7 b5 55. Rxg6+ Kc5 56. Kh4 b4 57. Kg5 b3 58. Bxb3 Rxb3 59. Re6 Kd5 60.
Re1 Rd3 61. f5 1-0

[Event "World Blitz 2025"]
[Site "Doha QAT"]
[Date "2025.12.30"]
[Round "16.111"]
[White "Ibrahimli, Murad"]
[Black "Fandi, Mazen"]
[Result "1/2-1/2"]
[WhiteTitle "IM"]
[BlackTitle "FM"]
[WhiteElo "2438"]
[BlackElo "2304"]
[WhiteFideId "13410229"]
[BlackFideId "7611625"]
[EventDate "2025.12.29"]

1. c4 e5 2. Nc3 Nf6 3. g3 d5 4. cxd5 Nxd5 5. Bg2 Nb6 6. Nf3 Nc6 7. d3 Be7 8. O-O
Be6 9. Be3 O-O 10. Rc1 Nd5 11. Nxd5 Bxd5 12. a3 a5 13. Qa4 Rb8 14. Qb5 Re8 15.
Nxe5 Bxg2 16. Kxg2 Nxe5 17. Qxe5 Bxa3 18. Qxa5 Bxb2 19. Rc2 Be5 20. Rb1 Bd6 21.
Qd5 b6 22. Rc6 Qe7 23. h4 h6 24. Qc4 Qf6 25. Rb5 Re6 26. d4 Rbe8 27. Rb3 Qg6 28.
Qd3 Qg4 29. Rxd6 Rxd6 30. Qc2 Qe4+ 31. Qxe4 Rxe4 32. Rc3 Rd7 33. Kf3 Re8 34. Bf4
Rxd4 35. Rxc7 b5 36. Rb7 b4 37. e3 Rc4 38. Bd6 Ree4 39. Rb8+ Kh7 40. Rb7 Kg6 41.
Rb6 Re6 42. Rxb4 Rxb4 43. Bxb4 h5 44. e4 Rc6 45. Bd2 Ra6 46. Be3 Ra3 47. Kf4 f6
48. Kf3 Kf7 49. Kf4 Ke6 50. Bd4 Rd3 51. Be3 g6 52. Bc1 Rc3 53. Be3 Ra3 54. Bc5
Ra4 55. Be3 Rc4 56. Kf3 Rb4 57. Bf4 Rb3+ 58. Kg2 Kd7 59. e5 Ke6 60. exf6 Kxf6
61. Be3 Kf5 62. Kf3 Ke5 63. Kg2 Ke4 64. Bg5 Rf3 65. Bd8 Rd3 66. Bb6 Rd2 67. Be3
Re2 68. Bg5 Ra2 69. Bd8 Rd2 70. Bb6 Rc2 71. Be3 Kf5 72. Kf3 Rc3 73. Kg2 Kg4 74.
Bd4 Rd3 75. Be3 Kf5 76. Kf3 Ra3 77. Kg2 Ke4 78. Bg5 Rb3 79. Bd8 Rd3 80. Bb6 Rc3
81. Ba7 Rb3 82. Bc5 Rb5 83. Be3 Kd3 84. Ba7 Ke2 85. Be3 Rf5 86. Ba7 g5 87. hxg5
Rxg5 88. Be3 Rg6 89. Kh3 Rg4 90. Kg2 h4 91. Bf4 hxg3 92. Bxg3 Rg6 93. Kh3 Kf3
94. Kh4 Rg4+ 95. Kh5 Rg8 96. Kh4 Ke4 97. Kh3 Kf3 98. Kh4 Rg7 99. Kh5 Rf7 100.
Kg5 Rg7+ 101. Kf6 Rg4 102. Kf5 Rc4 103. Ke5 Ra4 104. Kd5 Re4 105. Kc5 Re2 106.
Kd5 Kg4 107. Kd4 Ra2 108. Ke3 Ra3+ 109. Ke4 Ra4+ 110. Ke3 Kf5 111. Ke2 Ke4 112.
Kf1 Kf3 113. Kg1 Ra6 114. Kh2 Rh6+ 115. Kg1 Rg6 116. Kh2 Rg8 117. Kg1 Rh8 118.
Be5 Rh5 119. Bg3 Rd5 120. Kh2 Rd3 121. Kh3 Rd5 122. Kh4 1/2-1/2

[Event "World Blitz 2025"]
[Site "Doha QAT"]
[Date "2025.12.30"]
[Round "16.112"]
[White "Bai, Adelard"]
[Black "Alrehaili, Ahmed Abdullah S"]
[Result "1-0"]
[WhiteTitle "IM"]
[BlackTitle "FM"]
[WhiteElo "2417"]
[BlackElo "2106"]
[WhiteFideId "16301188"]
[BlackFideId "21518840"]
[EventDate "2025.12.29"]

1. d4 Nf6 2. Bg5 g6 3. Bxf6 exf6 4. e3 d5 5. c4 c6 6. cxd5 Qa5+ 7. Nc3 Bb4 8.
Ne2 Qxd5 9. a3 Bxc3+ 10. Nxc3 Qd8 11. Bd3 O-O 12. O-O Nd7 13. Re1 f5 14. b4 Nf6
15. a4 f4 16. Qf3 fxe3 17. fxe3 Be6 18. Rf1 Kg7 19. h3 Bd5 20. Qf2 Re8 21. e4
Be6 22. Rad1 Qe7 23. b5 Rad8 24. bxc6 bxc6 25. Bb1 Bc4 26. Rfe1 Qb4 27. e5 Nd5
28. Ne4 Qe7 29. Nd6 Nb6 30. a5 Bb3 31. axb6 Bxd1 32. Nxe8+ Rxe8 33. Rxd1 axb6
34. Rc1 c5 35. dxc5 bxc5 36. Re1 c4 37. Ba2 Rc8 38. e6 fxe6 39. Qd4+ Kg8 40.
Bxc4 Rc6 41. Kh1 Rd6 42. Qe5 Kf7 43. Qh8 Rc6 44. Qxh7+ Ke8 45. Qxg6+ Kd7 46. Bb5 1-0

[Event "World Blitz 2025"]
[Site "Doha QAT"]
[Date "2025.12.30"]
[Round "16.113"]
[White "Nikitenko, Mihail"]
[Black "Rami, Talab"]
[Result "0-1"]
[WhiteTitle "GM"]
[WhiteElo "2476"]
[BlackElo "2173"]
[WhiteFideId "13506862"]
[BlackFideId "7609787"]
[EventDate "2025.12.29"]

1. e4 c6 2. Nf3 d5 3. d3 dxe4 4. dxe4 Qxd1+ 5. Kxd1 g6 6. Nbd2 Bg7 7. Bc4 Nf6 8.
Ne1 Nbd7 9. Nd3 Ng4 10. f3 Ne3+ 11. Ke2 Nxc2 12. Rb1 Nb6 13. a3 Nxc4 14. Nxc4
Be6 15. Ne3 Ba2 16. Nxc2 Bxb1 17. Ne3 Bxd3+ 18. Kxd3 O-O-O+ 19. Kc2 Rd7 20. h4
h5 21. Nc4 Rhd8 22. Be3 b6 23. a4 Bd4 24. Bf4 Kb7 25. b3 Bg7 26. Re1 Bf6 27. Bg3
b5 28. e5 bxc4 29. exf6 cxb3+ 30. Kxb3 exf6 31. Bf4 Rd4 32. Be3 Re8 33. Kc3 Rxa4
34. Rb1+ Kc7 35. Bf2 f5 36. Bc5 Re5 37. Bf8 c5 38. Bg7 Re2 39. Rg1 Ra3+ 40. Kc4
Kc6 0-1

[Event "World Blitz 2025"]
[Site "Doha QAT"]
[Date "2025.12.30"]
[Round "16.114"]
[White "Nainys, Zanas"]
[Black "Ezat, Mohamed"]
[Result "1/2-1/2"]
[BlackTitle "IM"]
[WhiteElo "2307"]
[BlackElo "2294"]
[WhiteFideId "12844098"]
[BlackFideId "10600906"]
[EventDate "2025.12.29"]

1. d4 Nf6 2. c4 c5 3. Nf3 cxd4 4. Nxd4 e5 5. Nb5 d5 6. cxd5 Bc5 7. N5c3 O-O 8.
h3 e4 9. g4 e3 10. Bxe3 Bxe3 11. fxe3 Qb6 12. Qd2 Re8 13. Na3 Nbd7 14. O-O-O Ne5
15. Bg2 Bd7 16. Kb1 Rac8 17. Qd4 Qd6 18. Rc1 a6 19. g5 Nh5 20. Ka1 Ng3 21. Ne4
Nxe4 22. Bxe4 b5 23. h4 b4 24. Nc4 Nxc4 25. Rxc4 Rxc4 26. Qxc4 Bb5 27. Qc2 g6
28. Rd1 a5 29. Bd3 Bd7 30. e4 a4 31. Rc1 a3 32. bxa3 bxa3 33. Qc5 Qf4 34. Qxa3
Qxh4 35. Rc7 Bg4 36. Qc3 Qxg5 37. d6 Rd8 38. e5 h5 39. Bc4 Rf8 40. e6 Qh6 41. e7
Re8 42. d7 Bxd7 43. Rxd7 Qg5 44. Qb3 Qc1+ 45. Qb1 Qxc4 46. Rd8 Qc3+ 47. Qb2 Qe1+
48. Qb1 Qc3+ 49. Qb2 Qe1+ 50. Qb1 Qc3+ 1/2-1/2

[Event "World Blitz 2025"]
[Site "Doha QAT"]
[Date "2025.12.30"]
[Round "16.115"]
[White "Bodemar, Jonathan"]
[Black "Aziz, Husain"]
[Result "1-0"]
[WhiteTitle "CM"]
[BlackTitle "IM"]
[WhiteElo "2154"]
[BlackElo "2256"]
[WhiteFideId "6205488"]
[BlackFideId "12100293"]
[EventDate "2025.12.29"]

1. e4 e5 2. Nf3 Nc6 3. Bc4 Nf6 4. Ng5 d5 5. exd5 Na5 6. Bb5+ c6 7. dxc6 bxc6 8.
Bd3 Nd5 9. Nf3 Bd6 10. O-O Nf4 11. Re1 Nxd3 12. cxd3 O-O 13. Nc3 c5 14. b3 Bg4
15. h3 Bh5 16. Ne4 Be7 17. Ng3 Bg6 18. Nxe5 Bf6 19. Bb2 Re8 20. Rc1 Qd5 21. Nc4
Bxb2 22. Nxb2 Nc6 23. Ne4 Nb4 24. Rxc5 Qd4 25. Rc4 Qxb2 26. Rxb4 Qxa2 27. Nc5
Qa5 28. Rc4 h6 29. Rc3 Qb4 30. Rc4 Qb6 31. Re3 Red8 32. d4 Qf6 33. Qf3 Qxf3 34.
Rxf3 Rd6 35. Re3 Rd5 36. Re5 Rd6 37. g4 Rb8 38. f4 f6 39. Re3 Bf7 40. Ra4 a6 41.
Kf2 Rbb6 42. Rc3 h5 43. f5 hxg4 44. hxg4 Rb8 45. Kf3 Rdb6 46. Nxa6 Bd5+ 47. Kf4
Rxb3 48. Nxb8 Rxb8 49. Ra7 Rb4 50. Ke3 Rb1 51. Rc8+ Kh7 52. Rcc7 Re1+ 53. Kf2
Re4 54. Rxg7+ Kh6 55. Rg6# 1-0

[Event "World Blitz 2025"]
[Site "Doha QAT"]
[Date "2025.12.30"]
[Round "16.116"]
[White "Al Hosani, Omran"]
[Black "Dinham, James"]
[Result "1-0"]
[WhiteTitle "IM"]
[WhiteElo "2340"]
[BlackElo "2091"]
[WhiteFideId "9308733"]
[BlackFideId "14327023"]
[EventDate "2025.12.29"]

1. d4 Nf6 2. c4 g6 3. Nc3 d5 4. cxd5 Nxd5 5. e4 Nxc3 6. bxc3 Bg7 7. Nf3 c5 8.
Rb1 O-O 9. Be2 Nc6 10. d5 Ne5 11. Nxe5 Bxe5 12. Bd2 Qc7 13. Qc1 Bd7 14. f4 Bg7
15. O-O c4 16. Be3 b5 17. Qa3 Rfe8 18. e5 a6 19. Bf3 Bf5 20. Rbd1 Qd7 21. d6
Rab8 22. Qxa6 exd6 23. Bc6 Qc8 24. Bxb5 Qxa6 25. Bxa6 dxe5 26. Bxc4 exf4 27.
Bxf4 Rbc8 28. Bb5 Red8 29. c4 Bd4+ 30. Kh1 Be4 31. h3 Kg7 32. Bg5 f6 33. Rxd4
Bxg2+ 34. Kxg2 fxg5 35. Rxd8 Rxd8 36. a4 1-0

[Event "World Blitz 2025"]
[Site "Doha QAT"]
[Date "2025.12.30"]
[Round "16.117"]
[White "Anand, Tsogtbileg"]
[Black "Ashwath Kaushik"]
[Result "1-0"]
[WhiteTitle "CM"]
[BlackTitle "FM"]
[WhiteElo "1968"]
[BlackElo "2345"]
[WhiteFideId "4926552"]
[BlackFideId "33387230"]
[EventDate "2025.12.29"]

1. d4 d5 2. c4 e6 3. g3 Nf6 4. Bg2 Be7 5. Nf3 O-O 6. O-O c6 7. Nc3 a5 8. Nd2 b6
9. e4 dxc4 10. Nxc4 Ba6 11. b3 b5 12. Ne5 Nfd7 13. Nxd7 Qxd7 14. Bb2 b4 15. Ne2
Rd8 16. Re1 Bf6 17. e5 Be7 18. Nf4 Bb5 19. Qg4 Kh8 20. Rad1 Qe8 21. Nh5 Qg8 22.
Bc1 a4 23. Bg5 Bxg5 24. Qxg5 Nd7 25. Re4 Nf8 26. Nf4 Ng6 27. Nxg6+ fxg6 28. Rh4
axb3 29. axb3 1-0

[Event "World Blitz 2025"]
[Site "Doha QAT"]
[Date "2025.12.30"]
[Round "16.118"]
[White "Phuyal, Aashish"]
[Black "Damaj, Mohammed"]
[Result "1/2-1/2"]
[BlackTitle "CM"]
[WhiteElo "1955"]
[BlackElo "2119"]
[WhiteFideId "12312649"]
[BlackFideId "11501731"]
[EventDate "2025.12.29"]

1. e4 c5 2. Nf3 e6 3. g3 d5 4. exd5 exd5 5. d4 c4 6. Bg2 Nf6 7. O-O Be7 8. b3
cxb3 9. axb3 O-O 10. h3 Nc6 11. c4 h6 12. Nc3 Bb4 13. Ne2 Re8 14. Nf4 dxc4 15.
d5 Bc3 16. Rb1 Bf5 17. bxc4 Bxb1 18. Qb3 Nd4 19. Nxd4 Bxd4 20. Qxb1 b6 21. Qd3
Bc5 22. Bb2 Qd6 23. Qf3 Re7 24. Nd3 Ba3 25. Be5 Qd8 26. Bxf6 gxf6 27. d6 Bxd6
28. Qxa8 Qxa8 29. Bxa8 Rd7 30. Bd5 Re7 31. Ra1 Kf8 32. Kg2 Bb8 33. f4 Re3 34.
Nf2 h5 35. h4 a5 36. Ra2 Bd6 37. Nd1 Rd3 38. Nf2 Re3 39. Ne4 Be7 40. Kf2 Rd3 41.
Rb2 f5 42. Ng5 a4 43. Nxf7 a3 44. Ra2 Rb3 45. c5 Bxc5+ 46. Kg2 Rd3 47. Bc4 Rc3
48. Ne5 Bd6 49. Be2 Rb3 50. Bc4 Rb4 51. Be6 Rd4 52. Bxf5 b5 53. Bd7 b4 54. Be6
Bxe5 55. fxe5 Rd3 56. Bc4 Rc3 57. Bd5 Rd3 58. Bf3 Kg7 59. Bxh5 Rb3 60. Bf3 Re3
61. Rc2 b3 62. Rc7+ Kf8 63. Bd5 a2 64. Ra7 Re1 65. Bxb3 a1=Q 66. Rxa1 Rxa1 67.
Bd5 Ra5 68. Be4 Rxe5 69. Kf3 Kg7 70. Kf4 Ra5 71. g4 Ra1 72. h5 Ra4 73. Ke5 Kh6
74. Kf4 Rb4 75. Kf5 Rb5+ 76. Kf6 Rb6+ 77. Kf5 Rb5+ 78. Kf4 Ra5 79. Bd3 Rc5 80.
Bf5 Rb5 81. Be4 Ra5 82. Bf3 Ra4+ 83. Kf5 Ra5+ 84. Kf6 Ra6+ 85. Kf5 Ra5+ 86. Kf4
Rb5 87. Be2 Ra5 88. Bd3 Ra4+ 89. Be4 Ra5 90. Bf3 Ra4+ 91. Be4 Ra5 92. Bc2 Rc5
93. Bd3 Rd5 94. Be2 Ra5 95. Bf3 Ra4+ 96. Kf5 Ra5+ 1/2-1/2

[Event "World Blitz 2025"]
[Site "Doha QAT"]
[Date "2025.12.30"]
[Round "16.119"]
[White "Berend, Fred"]
[Black "Alsaqer, Meshal"]
[Result "1/2-1/2"]
[WhiteTitle "IM"]
[WhiteElo "2213"]
[BlackElo "1853"]
[WhiteFideId "4000102"]
[BlackFideId "10301771"]
[EventDate "2025.12.29"]

1. e4 e6 2. d4 d5 3. Nc3 dxe4 4. Nxe4 Be7 5. Bd3 Nd7 6. Nf3 Ngf6 7. c3 Nxe4 8.
Bxe4 Nf6 9. Bc2 O-O 10. Qd3 b6 11. Bg5 g6 12. h4 Bb7 13. Bxf6 Bxf6 14. O-O-O c5
15. dxc5 Qxd3 16. Rxd3 bxc5 17. h5 Rfd8 18. hxg6 hxg6 19. Rhd1 c4 20. Rxd8+ Rxd8
21. Rxd8+ Bxd8 22. Ne1 Bd5 23. Bd1 f5 24. f3 Kf7 25. Be2 Ke7 26. Nc2 Kd6 27. Kd1
e5 28. Ne3 Kc5 29. Nxd5 Kxd5 30. b3 cxb3 31. axb3 a5 32. Bc4+ Kc5 33. Bf7 g5 34.
Bg6 f4 35. Kc2 Be7 36. Kd3 Kd6 37. Be8 Bd8 38. Ke4 Be7 39. Kf5 Bd8 40. Bb5 Be7
41. Ba6 Bd8 42. Ke4 Bb6 43. Kd3 Kc5 44. Bb7 Kd6 45. Kc4 Bd8 46. Be4 Bc7 47. Kb5
Bd8 48. b4 axb4 49. cxb4 Kc7 50. Ka6 Kb8 51. b5 Be7 52. b6 Bd6 53. Kb5 Kc8 54.
Kc6 Bb8 55. Kc5 Kd7 56. Kd5 Kc8 57. Ke6 Kd8 58. Kf5 Ke7 59. Kxg5 Kd6 60. Kf6 Kc5
61. b7 Kd6 62. Kf7 Kd7 63. Bf5+ Kd6 64. Ke8 Kc7 65. Be4 Ba7 66. Ke7 Bd4 67. Ke6
Kb8 68. Kf5 Bc3 69. Kg4 Bd4 70. g3 fxg3 71. Kxg3 Bc3 72. Kf2 Bb2 73. Ke2 Ba1 74.
Kd3 Bb2 75. Kc4 Ba1 76. Kd5 Bb2 77. Ke6 Ba1 78. Kd7 Bb2 79. Kc6 Ba1 80. Kb6 Bd4+
81. Kb5 Ba1 82. Kc5 Bb2 83. Kd5 Ba1 84. Kc4 Bb2 85. Kd3 Ba1 86. Kc2 Bd4 87. Kb3
Ba1 88. Kc4 Bb2 89. Kd5 Bc3 90. Ke6 Bb2 91. Kf5 1/2-1/2

[Event "World Blitz 2025"]
[Site "Doha QAT"]
[Date "2025.12.30"]
[Round "16.120"]
[White "Khayat, Emad"]
[Black "Blackwood, Ryan"]
[Result "1-0"]
[WhiteElo "1927"]
[BlackElo "1945"]
[WhiteFideId "21518076"]
[BlackFideId "7400640"]
[EventDate "2025.12.29"]

1. d4 g6 2. Nf3 Bg7 3. g3 d6 4. Bg2 Nf6 5. O-O c6 6. Nc3 O-O 7. e4 Re8 8. Re1
Bg4 9. a4 Qc8 10. Be3 Bh3 11. a5 h6 12. Qd2 Kh7 13. e5 Bxg2 14. Kxg2 Ng4 15. Bf4
g5 16. Qd3+ Kg8 17. Bd2 dxe5 18. dxe5 Rd8 19. Qe2 Qf5 20. h3 Nxe5 21. Nxe5 Bxe5
22. Qxe5 Qxe5 23. Rxe5 Rxd2 24. Rxe7 Rxc2 25. Re8+ Kg7 26. Rd1 Rxb2 27. Rdd8 Rb3
28. Ne4 Ra3 29. Rg8+ Kh7 30. Nf6# 1-0

[Event "World Blitz 2025"]
[Site "Doha QAT"]
[Date "2025.12.30"]
[Round "16.121"]
[White "Al-Kuwari, Hamad"]
[Black "Muntean, Victor"]
[Result "0-1"]
[WhiteTitle "CM"]
[WhiteElo "1809"]
[BlackElo "2169"]
[WhiteFideId "12102679"]
[BlackFideId "1054414"]
[EventDate "2025.12.29"]

1. e4 e5 2. Nf3 Nc6 3. Bb5 a6 4. Ba4 f5 5. d3 fxe4 6. dxe4 Nf6 7. Bg5 d6 8. Nc3
Be7 9. O-O Bg4 10. Bxf6 Bxf6 11. Qd5 Qd7 12. Nd2 Rb8 13. a3 b5 14. Nxb5 axb5 15.
Bxb5 Rb6 16. Nc4 Rxb5 17. Qxb5 O-O 18. b4 Bh4 19. f3 Be6 20. Ne3 Qe8 21. Nd5 Bd8
22. Qd3 Ne7 23. c4 c6 24. Nxe7+ Qxe7 25. Rfd1 Bb6+ 26. Kh1 Rd8 27. Rac1 Bc7 28.
a4 Ra8 29. a5 Qf7 30. c5 d5 31. exd5 Bxd5 32. b5 Rxa5 33. bxc6 Bxc6 34. Qc4 Qxc4
35. Rxc4 Kf7 36. Rcc1 Ke6 37. Re1 g5 38. Kg1 Ra2 39. Red1 g4 40. Rf1 gxf3 41.
gxf3 e4 42. fxe4 Bxh2+ 0-1

[Event "World Blitz 2025"]
[Site "Doha QAT"]
[Date "2025.12.30"]
[Round "16.122"]
[White "Al-Janahi, Ibrahim"]
[Black "Anwoir, Tarik"]
[Result "0-1"]
[WhiteElo "1656"]
[BlackElo "2098"]
[WhiteFideId "12102385"]
[BlackFideId "9004904"]
[EventDate "2025.12.29"]

1. d4 d5 2. c4 c6 3. cxd5 Qxd5 4. Nc3 Qa5 5. Bd2 Qb6 6. Bc1 Nf6 7. e3 Bg4 8.
Nge2 e6 9. f3 Bh5 10. Nf4 Bd6 11. Nxh5 Nxh5 12. Bd3 Qc7 13. e4 Bxh2 14. e5 Bg3+
15. Kf1 Nf4 16. Bxf4 Bxf4 17. Rxh7 Rxh7 18. Bxh7 g6 19. Qd3 Na6 20. g3 Bxg3 21.
Bxg6 O-O-O 22. Be4 Bxe5 23. Nb5 cxb5 24. Qe3 Bxd4 25. Qe1 Kb8 26. Rc1 Qh2 27.
Rd1 Qg1+ 28. Ke2 Qxe1+ 29. Rxe1 b4 30. b3 Bc3 31. Rh1 f5 32. Bd3 Nc5 33. Bc4 a6
34. Rh6 Rd6 35. Kf2 b5 36. Bf1 Rd2+ 37. Kg3 Rxa2 38. Rh8+ Kc7 39. Ra8 Ra3 40.
Ra7+ Kb6 41. Ra8 Rxb3 42. Be2 Be5+ 43. Kh4 Rb2 0-1

[Event "World Blitz 2025"]
[Site "Doha QAT"]
[Date "2025.12.30"]
[Round "16.123"]
[White "Alkhuriji, Abdulaziz N"]
[Black "Fates, Omer Salah"]
[Result "0-1"]
[WhiteElo "1972"]
[BlackElo "2079"]
[WhiteFideId "21525919"]
[BlackFideId "9212035"]
[EventDate "2025.12.29"]

1. e4 e6 2. d4 d5 3. exd5 exd5 4. Nf3 Nf6 5. Bd3 Bd6 6. O-O O-O 7. Bg5 Bg4 8. c3
c5 9. dxc5 Bxc5 10. Nbd2 Nbd7 11. Qc2 h6 12. Bh4 Rc8 13. h3 Be6 14. Bg3 Re8 15.
Nb3 Bb6 16. Rad1 Nc5 17. Nxc5 Bxc5 18. Bb5 Bd7 19. Bxd7 Qxd7 20. Qb3 Bb6 21. Bh4
Ne4 22. Qxd5 Qxd5 23. Rxd5 g5 24. a4 gxh4 25. a5 Rc5 26. Rd7 Rxa5 27. Rxb7 Nc5
28. b4 Nxb7 29. bxa5 Nxa5 30. Nxh4 Rc8 31. Nf5 Kh7 32. Re1 Rxc3 33. Re7 Rc7 34.
Re4 Rc1+ 35. Kh2 Bxf2 36. Rg4 Rc5 37. Nd6 Rc7 38. Nf5 Bb6 39. Rg7+ Kh8 40. Rg4
Rc6 41. Re4 Re6 42. Rg4 0-1

[Event "World Blitz 2025"]
[Site "Doha QAT"]
[Date "2025.12.30"]
[Round "16.124"]
[White "Dahal, Sushrut"]
[Black "Ahmad, Saif"]
[Result "1-0"]
[WhiteTitle "CM"]
[WhiteElo "2037"]
[BlackElo "1567"]
[WhiteFideId "12303275"]
[BlackFideId "12102709"]
[EventDate "2025.12.29"]

1. d4 d5 2. Nc3 Nf6 3. Bf4 c5 4. e3 cxd4 5. exd4 Bg4 6. Qd2 a6 7. h3 Bd7 8. Nf3
e6 9. Bd3 Bb4 10. a3 Bxc3 11. Qxc3 O-O 12. O-O Nc6 13. Rfe1 Rc8 14. Qd2 Na5 15.
b3 b5 16. Bg5 h6 17. Bxf6 Qxf6 18. Qxa5 Rc6 19. Ne5 Rd6 20. Re3 Bc8 21. Qc7 Qd8
22. Qxd8 Rfxd8 23. a4 b4 24. a5 Bb7 25. Ra4 f6 26. Nf3 e5 27. dxe5 d4 28. exd6
dxe3 29. Rxb4 exf2+ 30. Kxf2 Bxf3 31. Kxf3 Rxd6 32. Rb6 Rd5 33. Bc4 1-0

[Event "World Blitz 2025"]
[Site "Doha QAT"]
[Date "2025.12.30"]
[Round "16.125"]
[White "Al-Mansouri, Fahad"]
[Black "AlJamaat, Khaled"]
[Result "0-1"]
[WhiteElo "1607"]
[BlackElo "1719"]
[WhiteFideId "12102407"]
[BlackFideId "12102415"]
[EventDate "2025.12.29"]

1. e4 e5 2. Nf3 Nc6 3. Bc4 Bc5 4. c3 Nf6 5. d3 d6 6. Bb3 a6 7. Nbd2 h6 8. O-O
O-O 9. h3 Kh8 10. Re1 Ng8 11. Nf1 Nge7 12. Ng3 f5 13. exf5 Nxf5 14. Nxf5 Bxf5
15. Be3 Bxe3 16. fxe3 e4 17. Nd4 Nxd4 18. exd4 exd3 19. Bc4 Qg5 20. Kh1 Qg3 21.
Qd2 Bxh3 22. gxh3 Rf2 23. Qe3 Qh2# 0-1

[Event "World Blitz 2025"]
[Site "Doha QAT"]
[Date "2025.12.30"]
[Round "17.1"]
[White "Carlsen, Magnus"]
[Black "Samunenkov, Ihor"]
[Result "1-0"]
[WhiteTitle "GM"]
[BlackTitle "GM"]
[WhiteElo "2840"]
[BlackElo "2584"]
[WhiteFideId "1503014"]
[BlackFideId "14187086"]
[EventDate "2025.12.29"]

1. e4 c6 2. Nf3 d5 3. d3 dxe4 4. dxe4 Qxd1+ 5. Kxd1 Nf6 6. Nbd2 g6 7. Ne1 Bh6 8.
f3 Be6 9. a4 Nbd7 10. a5 Ne5 11. Nd3 Nfd7 12. Nb3 Bxc1 13. Nbxc1 O-O-O 14. Kd2
g5 15. Kc3 f6 16. Be2 Kc7 17. h4 h6 18. Nxe5 Nxe5 19. Nd3 Nxd3 20. cxd3 Rhg8 21.
hxg5 Rxg5 22. g4 Rc5+ 23. Kd2 Rb5 24. Rxh6 Rxb2+ 25. Ke3 Rb3 26. g5 Bc4 27. gxf6
exf6 28. Rd1 f5 29. Kf4 Bxd3 30. Rh7+ Kc8 31. Rxd3 Rbxd3 32. Bxd3 Rxd3 33. e5
Rb3 34. e6 Kd8 35. Ke5 Rxf3 36. Kf6 Re3 37. Rxb7 f4 38. e7+ Kc8 39. Rb3 Re1 40.
Kf7 Kc7 41. e8=Q Rxe8 42. Kxe8 Kd6 43. a6 c5 44. Rb7 Kc6 45. Rxa7 Kb6 46. Ra8 f3
47. Kd7 c4 48. Rf8 Kxa6 49. Kc6 c3 50. Ra8# 1-0